Pride and Prejudice (Record no. 479126)

000 -LEADER
fixed length control field 00300nam a22001337a 4500
003 - CONTROL NUMBER IDENTIFIER
control field ASAB
005 - DATE AND TIME OF LATEST TRANSACTION
control field 20180827062335.0
008 - FIXED-LENGTH DATA ELEMENTS--GENERAL INFORMATION
fixed length control field 131217t xxu||||| |||| 00| 0 eng d
020 ## - INTERNATIONAL STANDARD BOOK NUMBER
International Standard Book Number 0-14-023821-2
040 ## - CATALOGING SOURCE
Transcribing agency Asab
100 ## - MAIN ENTRY--PERSONAL NAME
Fuller form of name Jane Austen
9 (RLIN) 413
245 ## - TITLE STATEMENT
Title Pride and Prejudice
942 ## - ADDED ENTRY ELEMENTS (KOHA)
Source of classification or shelving scheme
Koha item type Book
Holdings
Withdrawn status Lost status Source of classification or shelving scheme Damaged status Not for loan Collection code Permanent Location Current Location Date acquired Total Checkouts Full call number Barcode Date last seen Date last checked out Price effective from Koha item type
            Atta-ur-Rahman School of Applied Biosciences (ASAB) Atta-ur-Rahman School of Applied Biosciences (ASAB) 04/25/2018 1 Fic Austen ASAB2989 07/30/2018 07/30/2018 04/25/2018 Book
© 2023 Central Library, National University of Sciences and Technology. All Rights Reserved.